书目信息 |
| 题名: |
常用液压缸与其修理
|
|
| 作者: | 赵应越 主编 | |
| 分册: | ||
| 出版信息: | 上海 上海交通大学出版社 1996.02 |
|
| 页数: | 328页 | |
| 开本: | 16开 | |
| 丛书名: | ||
| 单 册: | ||
| 中图分类: | TH137.51 | |
| 科图分类: | ||
| 主题词: | 液压传动 | |
| 电子资源: | ||
| ISBN: | 7-313-01470-8 | |
| 000 | 00574nam0 2200193 45 | |
| 001 | 0010241410 | |
| 005 | 20001024145653.7 | |
| 010 | @a7-313-01470-8@d23.40元 | |
| 100 | @a20001024d1996 km y0chiy0120 ea | |
| 101 | 0 | @achi |
| 105 | @a z 000yy | |
| 200 | 1 | @a常用液压缸与其修理@AChang Yong Ye Ya Gang Yu Qi Xiu Li@f赵应越主编@FZhao Ying Yue Zhu Bian |
| 210 | @a上海@c上海交通大学出版社@d1996.02 | |
| 215 | @a328页@d16开 | |
| 606 | 0 | @a液压传动 |
| 690 | @aTH137.51@v3 | |
| 701 | 0 | @a赵应越@4主编 |
| 801 | @aCN@bPftUser@c20001024 | |
| 905 | @b185977-979@dTH137.51@eZH929/1@f3 | |
| 常用液压缸与其修理/赵应越主编.-上海:上海交通大学出版社,1996.02 |
| 328页;16开 |
| ISBN 7-313-01470-8:23.40元 |
| ● |
| 相关链接 |
|
|
|
正题名:常用液压缸与其修理
索取号:TH137.51/ZH929/1
 
预约/预借
| 序号 | 登录号 | 条形码 | 馆藏地/架位号 | 状态 | 备注 |
| 1 | 185977 | 201859774 | 期刊室512/501自科库 38排1列1层/ [索取号:TH137.51/ZH929/1] | 在馆 | |
| 2 | 185978 | 201859783 | 自科库501/501自科库 38排1列1层/ [索取号:TH137.51/ZH929/1] | 在馆 | |
| 3 | 185979 | 201859792 | 期刊室512/501自科库 38排1列1层/ [索取号:TH137.51/ZH929/1] | 在馆 |